000 00936nam a2200265Ia 4500
001 1295
003 GE_BSU
008 181216s||||||||xx |||||||||||||| ||und||
020 _a9992821558
040 _cGE_BSU
080 _a631.811.98
100 _aგახოკიძე, რამაზ.
245 _aბიოენერგოაქტივატორი.
245 _bუხვი მოსავლის მიღების საშუალება.
245 _cრედ: გ. კვსიტაძე.
260 _aთბილისი
260 _bჯისიაი
260 _c2002
300 _a250 გვ. 19 სმ.
541 _h7 ლ.
653 _aბიოენერგოაქტივატორი.
653 _aსოფლის მეურნეობა
653 _aუხვი მოსავლის მიღების საშუალება.
942 _cBK
999 _c35437
_d35437